000
00317nam a2200121Ia 4500
008
180117s9999 xx 000 0 und d
100
_a
by Cirilo F Bautista
245
_a
What I'm looking for
260
_c
2017
300
_a
6-8 pages, 2017 July 2
440
_a
Philippine Panorama
650
_a
WHAT I'M LOOKING FOR
999
_c
353641
_d
353641